{"text_format":"3","workbook":"xlsx","n_sheets":1,"sheets":["t623"],"read":"whole","date_system":"1900"}

{"sheet":"t623","index":0,"n_rows":176,"n_cols":7,"rows_kept":176,"merged":[[0,0,0,6],[28,0,28,5],[41,0,41,5],[153,0,153,5]]}
["TABELA 623.1 - Estatísticas Agrícolas, Município de Valparaíso, Estado de São Paulo, 2016/17."]
["ITEM","UNIDADE","N.DE UPAs","MÍNIMO","MÉDIO","MÁXIMO","TOTAL"]
["Distância à sede do município","km",365,0.1,{"v":8.38,"d":"8.4"},{"v":35,"d":"35.0"},"-"]
["Área total","hectare",365,0.5,{"v":235.11,"d":"235.1"},{"v":24606.6,"d":"24,606.6"},{"v":85813.6,"d":"85,813.6"}]
["Área com cultura perene","hectare",7,{"v":10,"d":"10.0"},{"v":152.94,"d":"152.9"},{"v":520,"d":"520.0"},{"v":1070.6,"d":"1,070.6"}]
["Área com cultura temporária","hectare",209,0.1,{"v":271.55,"d":"271.6"},{"v":15714.3,"d":"15,714.3"},{"v":56753.4,"d":"56,753.4"}]
["Área com pastagem","hectare",275,0.4,{"v":38.71,"d":"38.7"},{"v":1490,"d":"1,490.0"},{"v":10645.6,"d":"10,645.6"}]
["Área com reflorestamento","hectare",11,0.2,{"v":70.49,"d":"70.5"},292.7,775.4]
["Área com vegetação natural","hectare",201,0.5,{"v":36.42,"d":"36.4"},{"v":2874.4,"d":"2,874.4"},{"v":7321.2,"d":"7,321.2"}]
["Área com vegetação de brejo e várzea","hectare",191,0.1,{"v":21.29,"d":"21.3"},{"v":739,"d":"739.0"},{"v":4066.7,"d":"4,066.7"}]
["Área em descanso","hectare",2,11.6,{"v":160.15,"d":"160.2"},308.7,320.3]
["Área complementar","hectare",310,0.1,{"v":15.68,"d":"15.7"},{"v":3860.2,"d":"3,860.2"},{"v":4860.4,"d":"4,860.4"}]
["Área das UPAs com (0, 1] ha","hectare",4,0.5,{"v":0.65,"d":"0.7"},0.9,2.6]
["Área das UPAs com (1, 2] ha","hectare",5,1.2,{"v":1.46,"d":"1.5"},{"v":2,"d":"2.0"},7.3]
["Área das UPAs com (2, 5] ha","hectare",45,2.2,{"v":3.78,"d":"3.8"},{"v":5,"d":"5.0"},170.2]
["Área das UPAs com (5, 10] ha","hectare",48,5.2,{"v":7.89,"d":"7.9"},{"v":10,"d":"10.0"},378.9]
["Área das UPAs com (10, 20] ha","hectare",55,10.8,{"v":14.24,"d":"14.2"},{"v":20,"d":"20.0"},{"v":783,"d":"783.0"}]
["Área das UPAs com (20, 50] ha","hectare",55,20.6,{"v":32.25,"d":"32.3"},48.4,{"v":1773.6,"d":"1,773.6"}]
["Área das UPAs com (50, 100] ha","hectare",46,50.4,{"v":78.32,"d":"78.3"},{"v":99,"d":"99.0"},{"v":3602.8,"d":"3,602.8"}]
["Área das UPAs com (100, 200] ha","hectare",38,{"v":102,"d":"102.0"},{"v":140.78,"d":"140.8"},198.4,{"v":5349.6,"d":"5,349.6"}]
["Área das UPAs com (200, 500] ha","hectare",43,203.2,{"v":286.58,"d":"286.6"},488.7,{"v":12323,"d":"12,323.0"}]
["Área das UPAs com (500, 1.000] ha","hectare",14,{"v":501,"d":"501.0"},{"v":717.45,"d":"717.5"},978.8,{"v":10044.3,"d":"10,044.3"}]
["Área das UPAs com (1.000, 2.000] ha","hectare",5,{"v":1007.5,"d":"1,007.5"},{"v":1219.66,"d":"1,219.7"},{"v":1514.3,"d":"1,514.3"},{"v":6098.3,"d":"6,098.3"}]
["Área das UPAs com (2.000, 5.000] ha","hectare",6,{"v":2014,"d":"2,014.0"},{"v":3445.57,"d":"3,445.6"},{"v":4348,"d":"4,348.0"},{"v":20673.4,"d":"20,673.4"}]
["Área das UPAs com (5.000, 10.000] ha","hectare","-","-","-","-","-"]
["Área das UPAs acima de 10.000 ha","hectare",1,{"v":24606.6,"d":"24,606.6"},{"v":24606.6,"d":"24,606.6"},{"v":24606.6,"d":"24,606.6"},{"v":24606.6,"d":"24,606.6"}]
["Fonte: Secretaria de Agricultura e Abastecimento, CDRS/IEA, Projeto LUPA."]
[]
["TABELA 623.2 - Explorações Animais, Município de Valparaíso, Estado de São Paulo, 2016/17."]
["ITEM","UNIDADE","N.DE UPAs","MÍNIMO","MÉDIO","MÁXIMO","TOTAL"]
["Apicultura","colmeias",1,{"v":2,"d":"2.0"},{"v":2,"d":"2.0"},{"v":2,"d":"2.0"},{"v":2,"d":"2.0"}]
["Asininos e muares","cabecas",30,{"v":1,"d":"1.0"},3.5,{"v":12,"d":"12.0"},{"v":105,"d":"105.0"}]
["Bovinocultura de corte","cabecas",5,{"v":90,"d":"90.0"},{"v":201,"d":"201.0"},{"v":340,"d":"340.0"},{"v":1005,"d":"1,005.0"}]
["Bovinocultura leiteira","cabecas",1,{"v":100,"d":"100.0"},{"v":100,"d":"100.0"},{"v":100,"d":"100.0"},{"v":100,"d":"100.0"}]
["Bovinocultura mista","cabecas",260,{"v":2,"d":"2.0"},{"v":82.06,"d":"82.1"},{"v":2200,"d":"2,200.0"},{"v":21336,"d":"21,336.0"}]
["Caprinocultura","cabecas",1,{"v":11,"d":"11.0"},{"v":11,"d":"11.0"},{"v":11,"d":"11.0"},{"v":11,"d":"11.0"}]
["Equinocultura","cabecas",237,{"v":1,"d":"1.0"},{"v":3,"d":"3.0"},{"v":45,"d":"45.0"},{"v":710,"d":"710.0"}]
["Ovinocultura","cabecas",26,{"v":6,"d":"6.0"},{"v":73.19,"d":"73.2"},{"v":800,"d":"800.0"},{"v":1903,"d":"1,903.0"}]
["Suinocultura","cabecas",2,{"v":15,"d":"15.0"},42.5,{"v":70,"d":"70.0"},{"v":85,"d":"85.0"}]
["Fonte: Secretaria de Agricultura e Abastecimento, CDRS/IEA, Projeto LUPA."]
[]
["TABELA 623.3 -  Máquinas, Implementos e Benfeitorias, Município de Valparaíso, Estado de São Paulo, 2016/17."]
["ITEM","UNIDADE","N.DE UPAs","MÍNIMO","MÉDIO","MÁXIMO","TOTAL"]
["Arado comum (bacia, aiveca)","unidade",37,{"v":1,"d":"1.0"},{"v":1.19,"d":"1.2"},{"v":3,"d":"3.0"},{"v":44,"d":"44.0"}]
["Arado escarificador","unidade",13,{"v":1,"d":"1.0"},{"v":1.08,"d":"1.1"},{"v":2,"d":"2.0"},{"v":14,"d":"14.0"}]
["Arado subsolador","unidade",4,{"v":1,"d":"1.0"},{"v":1.25,"d":"1.3"},{"v":2,"d":"2.0"},{"v":5,"d":"5.0"}]
["Batedeira de cereais","unidade",2,{"v":1,"d":"1.0"},{"v":1,"d":"1.0"},{"v":1,"d":"1.0"},{"v":2,"d":"2.0"}]
["Camara fria","unidade",1,{"v":1,"d":"1.0"},{"v":1,"d":"1.0"},{"v":1,"d":"1.0"},{"v":1,"d":"1.0"}]
["Carregadeira de cana","unidade",3,{"v":1,"d":"1.0"},{"v":1,"d":"1.0"},{"v":1,"d":"1.0"},{"v":3,"d":"3.0"}]
["Carreta de trator","unidade",50,{"v":1,"d":"1.0"},{"v":1.22,"d":"1.2"},{"v":3,"d":"3.0"},{"v":61,"d":"61.0"}]
["Colhedeira acoplada","unidade",1,{"v":1,"d":"1.0"},{"v":1,"d":"1.0"},{"v":1,"d":"1.0"},{"v":1,"d":"1.0"}]
["Colhedeira automotriz","unidade",3,{"v":1,"d":"1.0"},{"v":1,"d":"1.0"},{"v":1,"d":"1.0"},{"v":3,"d":"3.0"}]
["Computador","unidade",1,{"v":1,"d":"1.0"},{"v":1,"d":"1.0"},{"v":1,"d":"1.0"},{"v":1,"d":"1.0"}]
["Conj.irrigacao convencional","unidade",10,{"v":1,"d":"1.0"},1.2,{"v":2,"d":"2.0"},{"v":12,"d":"12.0"}]
["Conj.irrigacao pivot central","unidade",1,{"v":1,"d":"1.0"},{"v":1,"d":"1.0"},{"v":1,"d":"1.0"},{"v":1,"d":"1.0"}]
["Conj.irrigacao/gotejamento/microaspersao","unidade",3,{"v":1,"d":"1.0"},{"v":1,"d":"1.0"},{"v":1,"d":"1.0"},{"v":3,"d":"3.0"}]
["Conjunto de fenacao","unidade",9,{"v":1,"d":"1.0"},{"v":1.22,"d":"1.2"},{"v":3,"d":"3.0"},{"v":11,"d":"11.0"}]
["Desintegrador, picador, triturador","unidade",178,{"v":1,"d":"1.0"},{"v":1.02,"d":"1.0"},{"v":2,"d":"2.0"},{"v":182,"d":"182.0"}]
["Distribuidor de calcario","unidade",26,{"v":1,"d":"1.0"},{"v":1.19,"d":"1.2"},{"v":2,"d":"2.0"},{"v":31,"d":"31.0"}]
["Embarcação","unidade",1,{"v":1,"d":"1.0"},{"v":1,"d":"1.0"},{"v":1,"d":"1.0"},{"v":1,"d":"1.0"}]
["Ensiladeira","unidade",24,{"v":1,"d":"1.0"},{"v":1.33,"d":"1.3"},{"v":5,"d":"5.0"},{"v":32,"d":"32.0"}]
["Grade aradora (tipo romi)","unidade",44,{"v":1,"d":"1.0"},1.3,{"v":8,"d":"8.0"},{"v":57,"d":"57.0"}]
["Grade niveladora","unidade",62,{"v":1,"d":"1.0"},{"v":1.31,"d":"1.3"},{"v":11,"d":"11.0"},{"v":81,"d":"81.0"}]
["Implementos para tracao animal","unidade",4,{"v":1,"d":"1.0"},{"v":1,"d":"1.0"},{"v":1,"d":"1.0"},{"v":4,"d":"4.0"}]
["Máquina de classificar frutas","unidade",1,{"v":1,"d":"1.0"},{"v":1,"d":"1.0"},{"v":1,"d":"1.0"},{"v":1,"d":"1.0"}]
["Misturador de racao","unidade",15,{"v":1,"d":"1.0"},{"v":1,"d":"1.0"},{"v":1,"d":"1.0"},{"v":15,"d":"15.0"}]
["Mmicrotrator","unidade",9,{"v":1,"d":"1.0"},{"v":1.11,"d":"1.1"},{"v":2,"d":"2.0"},{"v":10,"d":"10.0"}]
["Ordenhadeira mecanica","unidade",20,{"v":1,"d":"1.0"},1.2,{"v":2,"d":"2.0"},{"v":24,"d":"24.0"}]
["Pulverizador tratorizado","unidade",61,{"v":1,"d":"1.0"},{"v":1.18,"d":"1.2"},{"v":6,"d":"6.0"},{"v":72,"d":"72.0"}]
["Resfriador de leite, tanque expansao","unidade",17,{"v":1,"d":"1.0"},{"v":1,"d":"1.0"},{"v":1,"d":"1.0"},{"v":17,"d":"17.0"}]
["Roçadeira tratorizada","unidade",1,{"v":1,"d":"1.0"},{"v":1,"d":"1.0"},{"v":1,"d":"1.0"},{"v":1,"d":"1.0"}]
["Roçadora","unidade",37,{"v":1,"d":"1.0"},{"v":1.27,"d":"1.3"},{"v":3,"d":"3.0"},{"v":47,"d":"47.0"}]
["Semeadeira/adubadeira para plantio convencional","unidade",4,{"v":1,"d":"1.0"},{"v":1.25,"d":"1.3"},{"v":2,"d":"2.0"},{"v":5,"d":"5.0"}]
["Semeadeira/plantadeira plantio direto","unidade",4,{"v":1,"d":"1.0"},{"v":1,"d":"1.0"},{"v":1,"d":"1.0"},{"v":4,"d":"4.0"}]
["Terraceador","unidade",6,{"v":1,"d":"1.0"},{"v":1.33,"d":"1.3"},{"v":2,"d":"2.0"},{"v":8,"d":"8.0"}]
["Trator de pneus  acima de 85 cv","unidade",43,{"v":1,"d":"1.0"},{"v":1.79,"d":"1.8"},{"v":15,"d":"15.0"},{"v":77,"d":"77.0"}]
["Trator de pneus até 65 cv","unidade",13,{"v":1,"d":"1.0"},{"v":1,"d":"1.0"},{"v":1,"d":"1.0"},{"v":13,"d":"13.0"}]
["Trator de pneus de 66 cv a 85 cv","unidade",38,{"v":1,"d":"1.0"},{"v":1.08,"d":"1.1"},{"v":2,"d":"2.0"},{"v":41,"d":"41.0"}]
["Acude/represa","unidade",115,{"v":1,"d":"1.0"},{"v":2.66,"d":"2.7"},{"v":70,"d":"70.0"},{"v":306,"d":"306.0"}]
["Almoxarifado/oficina","unidade",22,{"v":1,"d":"1.0"},{"v":1.05,"d":"1.1"},{"v":2,"d":"2.0"},{"v":23,"d":"23.0"}]
["Armazem para graos ensacados","sacas",7]
["Balanca para bovinos","unidade",20,{"v":1,"d":"1.0"},{"v":1,"d":"1.0"},{"v":1,"d":"1.0"},{"v":20,"d":"20.0"}]
["Balanca para veiculos","unidade",8,{"v":1,"d":"1.0"},{"v":1.13,"d":"1.1"},{"v":2,"d":"2.0"},{"v":9,"d":"9.0"}]
["Barracao/galpao/garagem","unidade",18,{"v":1,"d":"1.0"},{"v":2,"d":"2.0"},{"v":14,"d":"14.0"},{"v":36,"d":"36.0"}]
["Casa de moradia habitada","unidade",223,{"v":1,"d":"1.0"},{"v":1.59,"d":"1.6"},{"v":30,"d":"30.0"},{"v":355,"d":"355.0"}]
["Casa de moradia total","unidade",256,{"v":1,"d":"1.0"},{"v":2.07,"d":"2.1"},{"v":39,"d":"39.0"},{"v":531,"d":"531.0"}]
["Curral/mangueira","unidade",197,{"v":1,"d":"1.0"},{"v":1.04,"d":"1.0"},{"v":4,"d":"4.0"},{"v":204,"d":"204.0"}]
["Deposito/tulha","unidade",180,{"v":1,"d":"1.0"},{"v":1.07,"d":"1.1"},{"v":3,"d":"3.0"},{"v":192,"d":"192.0"}]
["Estabulo","unidade",3,{"v":1,"d":"1.0"},{"v":4,"d":"4.0"},{"v":10,"d":"10.0"},{"v":12,"d":"12.0"}]
["Estacao/posto meteorologico","unidade",4,{"v":1,"d":"1.0"},{"v":1,"d":"1.0"},{"v":1,"d":"1.0"},{"v":4,"d":"4.0"}]
["Estufa/plasticultura","m2",4]
["Fabrica de racao","unidade",5,{"v":1,"d":"1.0"},{"v":1,"d":"1.0"},{"v":1,"d":"1.0"},{"v":5,"d":"5.0"}]
["Instalacoes para equinos","unidade",1,{"v":1,"d":"1.0"},{"v":1,"d":"1.0"},{"v":1,"d":"1.0"},{"v":1,"d":"1.0"}]
["Maquina de beneficio","unidade",1,{"v":1,"d":"1.0"},{"v":1,"d":"1.0"},{"v":1,"d":"1.0"},{"v":1,"d":"1.0"}]
["Poco semi-artesiano","unidade",122,{"v":1,"d":"1.0"},{"v":1.07,"d":"1.1"},{"v":3,"d":"3.0"},{"v":131,"d":"131.0"}]
["Secador de graos","unidade",1,{"v":1,"d":"1.0"},{"v":1,"d":"1.0"},{"v":1,"d":"1.0"},{"v":1,"d":"1.0"}]
["Silo para silagem","ton",7]
["Terreiro","m2",4]
["Usina de acucar/destilaria","unidade",1,{"v":1,"d":"1.0"},{"v":1,"d":"1.0"},{"v":1,"d":"1.0"},{"v":1,"d":"1.0"}]
["Fonte: Secretaria de Agricultura e Abastecimento, CDRS/IEA, Projeto LUPA."]
[]
["TABELA 623.4 - Outras Estatísticas Agrícolas, Município de Valparaíso, Estado de São Paulo, 2016/17."]
["ITEM","Número de UPAs",null,"Percentual"]
["Faz Parte de Associação de Produtores",280,null,{"v":76.71232876712328,"d":"76.7"}]
["Faz Parte de Cooperativa de Produtores",283,null,{"v":77.53424657534246,"d":"77.5"}]
["Faz Parte do Sindicato de Produtores",207,null,{"v":56.71232876712329,"d":"56.7"}]
["Não utiliza assistência técnica ",24,null,{"v":6.575342465753424,"d":"6.6"}]
["Utiliza somente assistência técnica governamental ",159,null,{"v":43.56164383561644,"d":"43.6"}]
["Utiliza somente assistência técnica privada ",21,null,{"v":5.7534246575342465,"d":"5.8"}]
["Utiliza assistência técnica tanto governamental quanto privada",161,null,{"v":44.10958904109589,"d":"44.1"}]
["Utiliza Crédito Rural",38,null,{"v":10.410958904109588,"d":"10.4"}]
["Utiliza Seguro Rural",15,null,{"v":4.10958904109589,"d":"4.1"}]
["Utiliza Escrituração Agrícola",14,null,{"v":3.8356164383561646,"d":"3.8"}]
["Acessa Internet p/ Fins na Agropecuária",11,null,{"v":3.0136986301369864,"d":"3.0"}]
["Utiliza Computador nas Atividades Agropecuárias",8,null,{"v":2.191780821917808,"d":"2.2"}]
["Utiliza Energia Elétrica Para Uso na Atividade Agrícola",326,null,{"v":89.31506849315068,"d":"89.3"}]
["Utiliza Energia Alternativa",2,null,{"v":0.547945205479452,"d":"0.5"}]
["Realiza Análise de Solo, quando necessário",200,null,{"v":54.79452054794521,"d":"54.8"}]
["Realiza Calagem",159,null,{"v":43.56164383561644,"d":"43.6"}]
["Utiliza Práticas de Conservação de Solo, quando necessário",287,null,{"v":78.63013698630137,"d":"78.6"}]
["Faz Adubação Mineral, quando necessário",234,null,{"v":64.10958904109589,"d":"64.1"}]
["Faz Adubação Orgânica, quando necessário",31,null,{"v":8.493150684931507,"d":"8.5"}]
["Faz Adubação Verde, quando necessário",6,null,{"v":1.6438356164383563,"d":"1.6"}]
["Utiliza Manejo Integrado de Pragas (MIP)",1,null,{"v":0.273972602739726,"d":"0.3"}]
["Utiliza Hidroponia","-",null,"-"]
["Utiliza Cultivo em Estufa",4,null,{"v":1.095890410958904,"d":"1.1"}]
["Utiliza Mudas Fiscalizadas",108,null,{"v":29.589041095890412,"d":"29.6"}]
["Utiliza Semente Melhorada",25,null,{"v":6.8493150684931505,"d":"6.8"}]
["Faz Confinamento de Bovinos",5,null,{"v":1.3698630136986303,"d":"1.4"}]
["Utiliza Pastejo Intensivo",80,null,{"v":21.91780821917808,"d":"21.9"}]
["Faz Inseminação Artificial",5,null,{"v":1.3698630136986303,"d":"1.4"}]
["Faz Mineralização do Rebanho",237,null,{"v":64.93150684931507,"d":"64.9"}]
["Faz Vermifugação do Rebanho",239,null,{"v":65.47945205479452,"d":"65.5"}]
["Possui Parceiros /Arrendatários na Exploração Animal",90,null,{"v":24.65753424657534,"d":"24.7"}]
["Existência de trabalhadores c/ deficiência na UPA",4,null,{"v":1.095890410958904,"d":"1.1"}]
["Esporte e lazer",4,null,{"v":1.095890410958904,"d":"1.1"}]
["Extração mineral","-",null,"-"]
["Hotel Fazenda, Pousada ou SPA","-",null,"-"]
["Pesque-pague","-",null,"-"]
["Restaurante ou Lanchonete","-",null,"-"]
["Transformação artesanal","-",null,"-"]
["Turismo rural ou ecoturismo","-",null,"-"]
["Outras atividades econômicas rurais","-",null,"-"]
["Agroindústria","-",null,"-"]
["Proprietário sem instrução ou com instrução incompleta","-",null,"-"]
["Proprietário com antigo primário completo",42,null,{"v":11.506849315068493,"d":"11.5"}]
["Proprietário com 1° grau (ou antigo ginasial) completo",30,null,{"v":8.21917808219178,"d":"8.2"}]
["Proprietário com 2° grau (ou antigo colegial) completo",100,null,{"v":27.397260273972606,"d":"27.4"}]
["Proprietário com curso superior completo ",171,null,{"v":46.84931506849315,"d":"46.8"}]
["Pessoa Jurídica",22,null,{"v":6.027397260273973,"d":"6.0"}]
["Proprietário residente na própria UPA ",64,null,{"v":17.534246575342465,"d":"17.5"}]
["Fonte: Secretaria de Agricultura e Abastecimento, CDRS/IEA, Projeto LUPA."]
[]
["TABELA 623.5 - Área Cultivada, Município de Valparaíso, Estado de São Paulo, 2016/17."]
["CULTURA","N.DE UPAs","MÍNIMO","MÉDIO","MÁXIMO","TOTAL"]
["Cana-de-acucar finalidade industria",182,{"v":1,"d":"1.0"},{"v":310.35,"d":"310.4"},{"v":15714.3,"d":"15,714.3"},{"v":56483.7,"d":"56,483.7"}]
["Braquiaria",220,0.4,{"v":45.78,"d":"45.8"},{"v":1490,"d":"1,490.0"},{"v":10072,"d":"10,072.0"}]
["Seringueira",4,{"v":21,"d":"21.0"},{"v":251.75,"d":"251.8"},{"v":520,"d":"520.0"},{"v":1007,"d":"1,007.0"}]
["Eucalipto",8,0.2,{"v":69.85,"d":"69.9"},292.7,558.8]
["Gramas",41,0.5,10.1,{"v":43,"d":"43.0"},413.9]
["Amendoim",2,{"v":160,"d":"160.0"},{"v":170,"d":"170.0"},{"v":180,"d":"180.0"},{"v":340,"d":"340.0"}]
["Outras florestais",3,36.2,72.2,{"v":97,"d":"97.0"},216.6]
["Milho safra",15,{"v":1,"d":"1.0"},{"v":9.91,"d":"9.9"},65.3,148.6]
["Outras gramineas para pastagem",14,{"v":1,"d":"1.0"},{"v":9.51,"d":"9.5"},{"v":40,"d":"40.0"},133.2]
["Milho-silagem",2,{"v":30,"d":"30.0"},{"v":45,"d":"45.0"},{"v":60,"d":"60.0"},{"v":90,"d":"90.0"}]
["Manga",3,{"v":10,"d":"10.0"},21.2,30.6,63.6]
["Cana-de-acucar outras finalidades",16,0.1,{"v":3.08,"d":"3.1"},{"v":27,"d":"27.0"},49.2]
["Coloniao",2,12.5,{"v":13.25,"d":"13.3"},{"v":14,"d":"14.0"},26.5]
["Abacaxi (ou ananas)",2,{"v":9,"d":"9.0"},9.6,10.2,19.2]
["Alface",5,0.2,{"v":0.72,"d":"0.7"},{"v":1,"d":"1.0"},3.6]
["Quiabo",1,{"v":1,"d":"1.0"},{"v":1,"d":"1.0"},{"v":1,"d":"1.0"},{"v":1,"d":"1.0"}]
["Chicoria (ou chicoria-de-folha-crespa)",1,0.2,0.2,0.2,0.2]
["Couve (ou couve-crespa)",1,0.2,0.2,0.2,0.2]
["Outras olericolas",1,0.2,0.2,0.2,0.2]
["Cebolinha",1,0.2,0.2,0.2,0.2]
["Fonte: Secretaria de Agricultura e Abastecimento, CDRS/IEA, Projeto LUPA."]